00315 2200133 4500001002100000005001500021035002000036245003900056100001800095260003500113082000800148084001400156990001100170INLIS00000000000249520250604112209 a0010-06250000811 aHarimau - Harimau /cMochtar Lubis0 aMochtar Lubis aJakarta :bYayasan Obor,c1999 a800 a800 MOC h a000059